000 00625nam a2200205 i 4500
001 bg
100 1 _aGEDYMIN, Olgierd
245 0 _aMetody sieciowe-wykłady i zadania /
_cOlgierd Gedymin, Maciej Bałtowski.
260 _aLublin :
_bPolit. Lubelska,
_c1981.
300 _as. 188, nlb. 1 :
_brys., tab.
490 1 _aOrganizacja i Zarządzanie Przemysłem
504 _a[Zawiera bibliogr. s. 189].
700 1 _aBAŁTOWSKI, Maciej
830 _aOrganizacja i Zarządzanie Przemysłem
040 _cBPK
041 _apol
080 _a338.27:519.8:65.012
942 _cKS
008 s pl f |000 0 pol
999 _c20895
_d20895
856 _uhttp://koha.tu.koszalin.pl/cgi-bin/koha/opac-detail.pl?biblionumber=20895
_yKatalog online BPK